America's teachers: an introduction to education
Uloženo v:
| Hlavní autor: | |
|---|---|
| Médium: | Kniha |
| Jazyk: | angličtina |
| Vydáno: |
Nueva York
Longman
1994
|
| Vydání: | 2a. ed |
| Témata: | |
| Tagy: |
Přidat tag
Žádné tagy, Buďte první, kdo vytvoří štítek k tomuto záznamu!
|
MARC
| LEADER | 00000nam a2200000 a 4500 | ||
|---|---|---|---|
| 001 | UCK5888 | ||
| 003 | CL-VaPUC | ||
| 008 | 050826e19940000US |||||||||||||||||eng|d | ||
| 020 | |a 0801308437 | ||
| 082 | 0 | 4 | |a 370.973 |b NEW |2 21 |
| 100 | |a Newman, Joseph W. |e author |9 494923 | ||
| 245 | 1 | 0 | |a America's teachers: an introduction to education |
| 250 | |a 2a. ed | ||
| 300 | |a 355 p | ||
| 942 | |c BK | ||
| 945 | |d 20050826 00:00:00 |a jcarroza | ||
| 260 | |a Nueva York |b Longman |c 1994 | ||
| 650 | 0 | |a Educación |9 258661 | |
| 650 | 0 | |a Historia |9 255047 | |
| 650 | 0 | |a Profesores |9 308968 | |
| 650 | 0 | |a Teoría de la educación |9 309368 | |
| 651 | 0 | |a Estados Unidos |9 255178 | |
| 583 | |a last modification |c 20050826 00:00:00 |k Rodrigo Vera | ||
| 999 | |c 314340 |d 314338 | ||
| 952 | |0 0 |1 0 |4 0 |6 370_973000000000000_NEW_1994 |7 0 |8 P |9 386434 |a BIBEDU |b BIBEDU |c BIBEDU_PB |d 2019-11-22 |i 4159748 |o 370.973 NEW 1994 |p 4159748 |r 2024-01-25 |w 2019-11-22 |y BK |k PSI | ||